00297nam a2200145Ia 45000030006000000080041000060400015000471000022000622450015000842500006000992600009001053000006001145460014001200050017001340STCL150530s9999 xx 000 0 und d aSTCLcSTCL aPaul Chirakkarodu aBlack Mail a1 c1980 a0 aMalayalam20220125171538.0